000 00550nam a2200169 i 4500
001 64288
003 ES-MaACL
005 20230906165107.0
007 t|
008 031223s1983 sp ||||1| spa d
100 1 _aFlores Caballero, Manuel.
_951273
245 1 3 _aLa rehabilitación borbónica de las minas de Rio Tinto, 1725-1810 /
_cManuel Flores Caballero.
260 _aHuelva :
_bDiputación Pronvincial,
_c1983.
300 _a126 p. :
_bil. ;
_c29 cm.
650 _aMinería-
_zMinas de Riotinto.
_915059
852 _aES-MaACL
_jL-4930
_bR.105664
999 _c64288
_d64288